Statistics for Taylor Swift - So Long, London Lyrics

Click here to take the quiz!

General Stats

  • This quiz has been taken 82 times
    (80 since last reset)
  • The average score is 343 of 376

Answer Stats

Answer% Correct
(A)
100%
A
100%
a
100%
go
100%
I
100%
in
100%
London
100%
(London)
100%
long
100%
(Long)
100%
My
100%
my
100%
So
100%
(So)
100%
so
100%
The
100%
(The)
100%
the
100%
us
100%
you
100%
You
100%
and
98%
And
98%
but
98%
But
98%
for
98%
For
98%
he
98%
it
98%
love
98%
loved
98%
me?"
98%
me?
98%
me
98%
of
98%
on
98%
to
98%
waitin'
98%
was
98%
your
98%
all
96%
altar
96%
back
96%
died
96%
down
96%
going
96%
I'm
96%
(I'm)
96%
just
96%
Just
96%
no
96%
proof
96%
that
96%
we
96%
where
96%
as
94%
be
94%
bluest
94%
clues?
94%
day
94%
did
94%
Did
94%
face
94%
find
94%
(Find)
94%
getting
94%
Had
94%
had
94%
(Had)
94%
mad
94%
place
94%
ship
94%
someone
94%
were
94%
with
94%
You'll
94%
(You'll)
94%
'cause
92%
color
92%
days
92%
free?
92%
free
92%
grip
92%
hell
92%
How
92%
how
92%
"How
92%
into
92%
say
92%
Think
92%
think
92%
this
92%
tragedy
92%
tragedy?
92%
abandoned
90%
much
90%
not
90%
(Not)
90%
(One)
90%
one
90%
sad
90%
said
90%
scared
90%
through
90%
affair
88%
Every
88%
gods
88%
(Good)
88%
good
88%
I'd
88%
knuckle
88%
mist
88%
Oh
88%
right
88%
up
88%
white
88%
breath
86%
dying
86%
him
86%
if
86%
lights
86%
like
86%
low
86%
mind
86%
rift
86%
saw
86%
stopped
86%
use
86%
When
86%
youth
86%
about
84%
after
84%
away
84%
CPR
84%
didn't
84%
fairy
84%
feels
84%
from
84%
give
84%
hill
84%
I'll
84%
it's
84%
out
84%
run
84%
(Run)
84%
there
84%
tight
84%
carrying
82%
driftin'
82%
friends
82%
great
82%
heard
82%
isn't
82%
man
82%
odd
82%
off
82%
pissed
82%
rarest
82%
sacrificed
82%
self
82%
she's
82%
sure
82%
things
82%
time
82%
(Undone)
82%
undone
82%
wants
82%
air
80%
at
80%
carried
80%
chill
80%
Holding
80%
kept
80%
left
80%
let
80%
never
80%
(Stitches)
80%
Stitches
80%
(Two)
80%
Two
80%
weight
80%
you're
80%
by
78%
calm
78%
club
78%
each
78%
graves
78%
(Graves)
78%
(Gun)
78%
gun
78%
have
78%
implode?
78%
opt
78%
resentment
78%
bones
76%
come
76%
drill
76%
house
76%
make
76%
quiet
76%
safe
76%
swore
76%
tryna
76%
would
76%
'fore
75%
'Fore
75%
founded
75%
Heath
75%
tighter
75%
weary
75%
caught
73%
laugh
73%
moment
73%
(Moment)
73%
Pulled
73%
spine
73%
split
71%
clothes
69%
gone
69%
sun
69%
(Sun)
69%
Thinkin'
69%
Wet
69%
knew
67%
spirit
67%
warm
65%

Score Distribution

Percentile by Number Answered

Percent of People with Each Score

Your Score History

You have not taken this quiz since the last reset